000 00828nas a2200277 4500
001 BR2015000831
003 BR-BrBNA
005 20231205125017.0
007 ta
008 230509b bl.|||p| |||| 00| 00por d
040 _aBR-BrBNA
_bpor
_cBiblioteca Nacional de Agricultura
041 _a(En)
072 _aF02
100 1 _aPires, M. de C.
100 1 _aYamanishi, O.K.
100 1 _aPeixoto, J.R.
245 1 _aTopworking of "Bengal" lychee trees in the state of São Paulo, Brazil
650 _aLICHIA
650 _aFRUTA TROPICAL
650 _aENXERTO
650 _aVARIEDADE
650 _aPROPAGAÇÃO VEGETATIVA
773 0 _tRevista Brasileira de Fruticultura (Brazil)
_xISSN 0100-2945
_g(Sep 2014), v. 36(3) p. 680-685
_wBR2015000831
909 _a202311
_bLúcia
_c55
_dLúcia Elande
942 _2AGRIS
_n0
_cANA
999 _c242118
_d242118